000 00349nam a2200145Ia 4500
008 150201s1998 xx 000 0 und d
082 _a617.7
_bR98N
100 _aNEMA, H.V.
245 _aRECENT ADVANCES IN OPHTHALMOGY-4
250 _a1ST
260 _bJAYPEE BROTHERS
_aDELHI
_c1998
300 _a1-173
650 _aOPHTHALMOLOGY
942 _2ddc
_cBK
999 _c114
_d114